000
00305 a2200121 4500
005
20250623161156.0
020
_a
978-9976-078-9
100
_a
NBAA
245
_a
T01 Book-Keeping and Accounts Study Text
260
_a
Dar es Salaam
_b
NBAA
_c
2014
300
_a
310P.: ill; Table
_b
Index
_c
29cm
942
_2
ddc
_c
BKS
999
_c
4687
_d
4687